000 02024nam a22002537a 4500
999 _c63197
_d63197
003 Ge_BSU
005 20250625152737.0
008 250625s2024 ge ||||| |||| 00| 0 geo d
020 _a9789941476532
041 _ageo
080 _a51(075.8) მ-15
245 _aმათემატიკა : მე-3 კლასი :
_bმოსწავლის წიგნი. ნაწ. 1 /
_cგურამ გოგიშვილი, თეიმურაზ ვეფხვაძე, ია მებონია, ლამარა ქურჩიშვილი ; რედაქტორი თეიმურაზ ვეფხვაძე; გარეკანის დიზაინერები: გურამ გოგიშვილი, ილია ხელაია.; მხატვარი ნ. მიქაბერიძე.
264 _aთბილისი :
_bინტელექტი,
_c 2024.
300 _a120 გვ. :
_bილ. ;
_c28 სმ.
500 _a გრიფი მიენიჭა საქართველოს განათლების, მეცნიერების, კულტურისა და სპორტის სამინისტროს მიერ 2018 წლის 24 ივლისს, ბრძანება #25
653 _aმათემატიკა
700 _a გოგიშვილი, გურამ
_eავტორი, გარეკანის დიზაინერი
_925514
700 _aვეფხვაძე, თეიმურაზ
_e ავტორი, რედაქტორი
_925515
700 _aმებონია, ია
_eავტორი
_925516
700 _aქურჩიშვილი, ლამარა
_eავტორი
_925517
700 _aმიქაბერიძე, ნ.
_eმხატვარი
_925518
700 _aხელაია, ილია
_eგარეკანის დიზაინერი
_925519
942 _2udc
_cᲬᲘᲒᲜᲘ